000 00452nam a2200193Ia 4500
005 20240823044445.0
008 240823s9999||||xx |||||||||||||| ||und||
020 _a81-7120-99-8
041 _aENGLISH
082 _A181.4 Q3
100 _aSri Ramakrishna Math
245 0 _aVivekanansa Speaks to you
250 _a1st
260 _c2013
_bSri Ramakrishna
500 _aTRANSFERED
650 _aGeneral
_bGeneral
942 _cBK
999 _c212625
_d212625